UBT Library

Encounters / (Record no. 42341)

000 -LEADER
fixed length control field 00558pam a2200217 a 4500
001 - CONTROL NUMBER
control field 4242424
005 - DATE AND TIME OF LATEST TRANSACTION
control field 20180213034130.0
008 - FIXED-LENGTH DATA ELEMENTS--GENERAL INFORMATION
fixed length control field 831017s1985 nyua j 001 0 eng
010 ## - LIBRARY OF CONGRESS CONTROL NUMBER
LC control number 83022223
020 ## - INTERNATIONAL STANDARD BOOK NUMBER
International Standard Book Number 0070098131
040 ## - CATALOGING SOURCE
Original cataloging agency DLC
Transcribing agency DLC
Modifying agency DLC
041 ## - LANGUAGE CODE
Language code of text/sound track or separate title eng
042 ## - AUTHENTICATION CODE
Authentication code lcac
080 ## - UNIVERSAL DECIMAL CLASSIFICATION NUMBER
Universal Decimal Classification number 808..89282 rob
082 00 - DEWEY DECIMAL CLASSIFICATION NUMBER
Classification number 808..89282 rob
Edition number 19
100 ## - Rafti
Rafti 23
101 ## - Shkurtesa
Shkurtesa gju
245 00 - TITLE STATEMENT
Title Encounters /
Statement of responsibility, etc editors, G. Robert Carlsen, Ruth Christoffer Carlsen.
906 ## - LOCAL DATA ELEMENT F, LDF (RLIN)
a 7
b cbc
c orignew
d 1
e ocip
f 19
g y-gencatlg
942 ## - ADDED ENTRY ELEMENTS (KOHA)
Source of classification or shelving scheme
Item type Books
Holdings
Withdrawn status Lost status Source of classification or shelving scheme Damaged status Not for loan Collection code Permanent location Current location Shelving location Date acquired Total Checkouts Full call number Barcode Date last seen Price effective from Koha item type
          Koleksioni i përgjithshem UBT - Lipjan UBT - Lipjan Koleksioni i përgjithshem 02/13/2018   808..89282 rob 002-2999160 02/13/2018 02/13/2018 Books
UBT Library © 2015-2024. All rights reserved University Education for Business and Technology